Wembley... (Record no. 116500)

MARC details
000 -LEADER
fixed length control field 01271cam a22002295a 4500
001 - CONTROL NUMBER
control field L140839
008 - FIXED-LENGTH DATA ELEMENTS--GENERAL INFORMATION
fixed length control field 071015s1926 xxk eng u
035 ## - SYSTEM CONTROL NUMBER
System control number (Sirsi) u140839
041 0# - LANGUAGE CODE
Language code of text/sound track or separate title eng
110 2# - MAIN ENTRY--CORPORATE NAME
Corporate name or jurisdiction name as entry element Knight Frank and Rutley
9 (RLIN) 1990
245 00 - TITLE STATEMENT
Title Wembley...
Remainder of title illustrated particulars, plans and conditions of sale of the freehold of the British Empire Exhibition extending to about 132 acres...including The Palace of Engineering, The Palace of Industry, The Palace of Arts, The Civic Hall, number of restaurants, staff offices and the Stadium...to be offered for sale by auction as a whole, by Messrs. Knight, Frank and Rutley in the Estate Sale Room, 20 Hanover Square, London W.1 on Thursday 27th May 1926...
250 ## - EDITION STATEMENT
Edition statement 1st ed.
260 ## - PUBLICATION, DISTRIBUTION, ETC.
Place of publication, distribution, etc. S.l.
Name of publisher, distributor, etc. s.n.
Date of publication, distribution, etc. [1926]
300 ## - PHYSICAL DESCRIPTION
Extent 41 p.
-- ll, col. map
Dimensions 34 cm. +
Accompanying material 1 folder (34 cm)
340 ## - PHYSICAL MEDIUM
Material base and configuration Printed
351 ## - ORGANIZATION AND ARRANGEMENT OF MATERIALS
Hierarchical level Single item
500 ## - GENERAL NOTE
General note Sales particulars are accompanied by a folder containing three plans of the British Empire Exhibition.
500 ## - GENERAL NOTE
General note Sales particulars have a note inserted at the title page stating that the sale is postponed to Tuesday 15 June 1926.
651 4# - SUBJECT ADDED ENTRY--GEOGRAPHIC NAME
Geographic name London
690 ## - LOCAL SUBJECT ADDED ENTRY--TOPICAL TERM (OCLC, RLIN)
Topical term or geographic name as entry element PROPERTY-PROPERTY ACQUISITION AND DISPOSAL-ACQUISITION AND DISPOSAL AT AUCTION
942 ## - ADDED ENTRY ELEMENTS (KOHA)
Suppress in OPAC 0
Holdings
Withdrawn status Lost status Source of classification or shelving scheme Damaged status Not for loan Home library Current library Shelving location Date acquired Total Checkouts Full call number Barcode Date last seen Copy number Price effective from Koha item type
    Dewey Decimal Classification     London London Basement 15/10/2007   BASEMENT BOX 2 30013191 06/08/2019 1 06/08/2019 Archive